| 000 | 00936nam0a22002531 4500 | ||
|---|---|---|---|
| 001 | rc\3561235 | ||
| 005 | 20130115140206.3 | ||
| 021 |
_aRU _bРг5375-77 |
||
| 021 |
_aRU _b77-4163 |
||
| 035 | _a(NLR Aleph) 007685851 | ||
| 090 |
_a6588155 _c6588155 |
||
| 100 | _a20130115d1976 |||y0rusy50 ca | ||
| 101 | 0 | _arus | |
| 102 | _aRU | ||
| 105 | _aa z ||||| | ||
| 200 | 1 |
_aОсновы взаимозаменяемости и технические измерения _eСправ. материал по разделу 3 курса № 31 _fПенз. высш. арт. инж. училище им. Гл. Маршала артиллерии Н.Н. Воронова |
|
| 210 |
_aПенза _cБ. и. _d1976 |
||
| 215 |
_a48 с. _cил. _d29 |
||
| 700 | 1 |
_aНенарокомов _bА. Д. _gАнатолий Дмитриевич |
|
| 801 | 0 |
_aRU _bNLR _gpsbo |
|
| 801 | 1 |
_aRU _bELAR _2rusmarc |
|
| 852 |
_aNLR _j77-8/693 |
||
| 942 | _cBOOK | ||
| 980 | _aNB | ||